00521pab a2200133 454500008004000000100002500040245020200065260000900267300001300276362001200289650001400301700002100315773005100336180718b2013 xxu||||| |||| 00| 0 eng d aRajendraprasad, K.N. aA study on the relationship between employees 'Trust, employees' attitudes and behaviors and organizational effectivenes with reference to real estate developers, in Coimbatore district, Tamil Nadu c2013 ap.67-70. aJul-Dec aEmployees aRamachandran, A. aSouth Asian Journal of Socio-Political Studies